It looks like you're offline.
Open Library logo
additional options menu

MARC record from Internet Archive

LEADER: 00866cam 2200253 a 4500
001 97001298
003 DLC
005 20020907204651.0
008 970226s1998 maua b 001 0 eng
010 $a 97001298
020 $a0070083061 (acid-free paper)
040 $aDLC$cDLC$dDLC
050 00 $aBF697$b.B758 1998
082 00 $a155.2$221
100 1 $aBrown, Jonathon D.
245 14 $aThe self /$cJonathon D. Brown.
260 $aBoston, Mass. :$bMcGraw-Hill,$cc1998.
300 $axiv, 353 p. :$bill. ;$c24 cm.
440 0 $aMcGraw-Hill series in social psychology
504 $aIncludes bibliographical references (p. 288-334) and indexes.
650 0 $aSelf.
650 0 $aSelf psychology.
856 42 $3Publisher description$uhttp://www.loc.gov/catdir/description/mh022/97001298.html
856 41 $3Table of contents$uhttp://www.loc.gov/catdir/toc/mh022/97001298.html